<?xml version="1.0" encoding="UTF-8"?>
<record
    xmlns:xsi="http://www.w3.org/2001/XMLSchema-instance"
    xsi:schemaLocation="http://www.loc.gov/MARC21/slim http://www.loc.gov/standards/marcxml/schema/MARC21slim.xsd"
    xmlns="http://www.loc.gov/MARC21/slim">

  <leader>02175nam a2200385   4500</leader>
  <controlfield tag="003">OSt</controlfield>
  <controlfield tag="005">20260515083515.0</controlfield>
  <controlfield tag="008">260515b        |||||||| |||| 00| 0 aze d</controlfield>
  <datafield tag="020" ind1=" " ind2=" ">
    <subfield code="a">9789952452648</subfield>
  </datafield>
  <datafield tag="040" ind1=" " ind2=" ">
    <subfield code="a">AZ-XaKU</subfield>
    <subfield code="b">aze</subfield>
    <subfield code="c">AZ-XaKU</subfield>
  </datafield>
  <datafield tag="041" ind1="0" ind2=" ">
    <subfield code="a">aze</subfield>
  </datafield>
  <datafield tag="050" ind1="1" ind2="4">
    <subfield code="a">HC15 .S1872 2015</subfield>
  </datafield>
  <datafield tag="245" ind1="1" ind2="0">
    <subfield code="a">B&#xF6;y&#xFC;k &#x130;qtisadi Ensiklopediya</subfield>
    <subfield code="c">/ ideya m&#xFC;&#x259;llifi , ba&#x15F; redaktor v&#x259; &#xF6;n s&#xF6;z Ziyad &#x18F;liabbas o&#x11F;lu S&#x259;m&#x259;dzad&#x259; ;  redaksiya hey&#x259;ti &#x18F;li Abbasov, &#x130;bad Abbasov, Vahid Axundov [v&#x259; b.]   ; m&#x259;sl&#x259;h&#x259;t&#xE7;il&#x259;r L. &#x130;. Abalkin, A. A. Nadirov, V. N. Krasilnikov [v&#x259; b.] ; n&#x259;&#x15F;riyyat redaktoru S. A&#x11F;ababayeva ; &#xFC;z qab&#x131;&#x11F;&#x131; A. H&#x259;s&#x259;nov ; texniki redaktor R. Qas&#x131;mov ; s&#x259;hif&#x259;l&#x259;m&#x259; A. Duxanina</subfield>
    <subfield code="n">VII cild</subfield>
    <subfield code="p">KQLMNO&#xD6;PRS&#x15E;TU&#xDC;VYZ</subfield>
  </datafield>
  <datafield tag="264" ind1=" " ind2=" ">
    <subfield code="a">Bak&#x131;:</subfield>
    <subfield code="b">Az&#x259;rbaycan &#x130;qtisad&#xE7;&#x131;lar &#x130;ttifaq&#x131;,</subfield>
    <subfield code="b">"Letterpress" N&#x259;&#x15F;riyyat evi,</subfield>
    <subfield code="c">2015.</subfield>
  </datafield>
  <datafield tag="300" ind1=" " ind2=" ">
    <subfield code="a">720 s&#x259;hif&#x259; ;</subfield>
    <subfield code="b">&#x15F;&#x259;kil, c&#x259;dv&#x259;l, x&#x259;rit&#x259;, qrafik, sxem, faksmile ;</subfield>
    <subfield code="c">31 sm.</subfield>
  </datafield>
  <datafield tag="336" ind1=" " ind2=" ">
    <subfield code="a">text</subfield>
    <subfield code="b">txt</subfield>
    <subfield code="2">rdacontent</subfield>
  </datafield>
  <datafield tag="337" ind1=" " ind2=" ">
    <subfield code="a">unmediated</subfield>
    <subfield code="b">n</subfield>
    <subfield code="2">rdamedia</subfield>
  </datafield>
  <datafield tag="338" ind1=" " ind2=" ">
    <subfield code="a">volume </subfield>
    <subfield code="b">nc</subfield>
    <subfield code="2">rdacarrier</subfield>
  </datafield>
  <datafield tag="520" ind1="0" ind2=" ">
    <subfield code="a">Burada d&#xFC;nya iqtisadiyyat&#x131; il&#x259; yana&#x15F;&#x131;, Az&#x259;rbaycan iqtisadiyyat&#x131;n&#x131;n m&#xFC;xt&#x259;lif sah&#x259;l&#x259;ri, bazar strukturlar&#x131;, infrastrukturlar&#x131;, apar&#x131;c&#x131; maliyy&#x259;, bank institutlar&#x131; haqq&#x131;nda y&#x131;&#x11F;cam m&#x259;lumat &#xF6;z &#x259;ksini tapm&#x131;&#x15F;d&#x131;r. 7000-d&#x259;n &#xE7;ox termin-m&#x259;qal&#x259;ni &#x259;hat&#x259; ed&#x259;n bu ensiklopediya MDB m&#x259;kan&#x131;nda milli dild&#x259; i&#x15F;&#x131;q &#xFC;z&#xFC; g&#xF6;rm&#xFC;&#x15F; ilk irih&#x259;cmli n&#x259;&#x15F;rdir.</subfield>
  </datafield>
  <datafield tag="650" ind1=" " ind2="7">
    <subfield code="2">AZ-XaKU</subfield>
    <subfield code="a">&#x130;qtisadiyyat</subfield>
  </datafield>
  <datafield tag="655" ind1=" " ind2=" ">
    <subfield code="2">AZ-XaKU</subfield>
    <subfield code="a">Ensiklopediya.</subfield>
  </datafield>
  <datafield tag="700" ind1="1" ind2=" ">
    <subfield code="a">S&#x259;m&#x259;dzad&#x259;, Ziya &#x18F;liabbas o&#x11F;lu,</subfield>
    <subfield code="e">ideya m&#xFC;&#x259;llifi , ba&#x15F; redaktor v&#x259; &#xF6;n s&#xF6;zc&#xFC;.</subfield>
  </datafield>
  <datafield tag="700" ind1="1" ind2=" ">
    <subfield code="a">Abbasov, &#x18F;li,</subfield>
    <subfield code="e">redaksiya hey&#x259;ti.</subfield>
  </datafield>
  <datafield tag="700" ind1="1" ind2=" ">
    <subfield code="a">Abbasov, &#x130;bad,</subfield>
    <subfield code="e">redaksiya hey&#x259;ti.</subfield>
  </datafield>
  <datafield tag="700" ind1="1" ind2=" ">
    <subfield code="a">Axundov, Vahid,</subfield>
    <subfield code="e">redaksiya hey&#x259;ti.</subfield>
  </datafield>
  <datafield tag="700" ind1="1" ind2=" ">
    <subfield code="a">Abalkin, L. &#x130;.,</subfield>
    <subfield code="e">m&#x259;sl&#x259;h&#x259;t&#xE7;i.</subfield>
  </datafield>
  <datafield tag="700" ind1="1" ind2=" ">
    <subfield code="a">Nadirov, A. A.,</subfield>
    <subfield code="e">m&#x259;sl&#x259;h&#x259;t&#xE7;i.</subfield>
  </datafield>
  <datafield tag="700" ind1="1" ind2=" ">
    <subfield code="a">Krasilnikov, V. N.,</subfield>
    <subfield code="e">m&#x259;sl&#x259;h&#x259;t&#xE7;i.</subfield>
  </datafield>
  <datafield tag="700" ind1="1" ind2=" ">
    <subfield code="a">A&#x11F;ababayeva, S.,</subfield>
    <subfield code="e">n&#x259;&#x15F;riyyat redaktoru.</subfield>
  </datafield>
  <datafield tag="700" ind1="1" ind2=" ">
    <subfield code="a">H&#x259;s&#x259;nov, A.,</subfield>
    <subfield code="e">&#xFC;z qab&#x131;&#x11F;&#x131;.</subfield>
  </datafield>
  <datafield tag="700" ind1="1" ind2=" ">
    <subfield code="a">Qas&#x131;mov, R.,</subfield>
    <subfield code="e">texniki redaktor.</subfield>
  </datafield>
  <datafield tag="700" ind1="1" ind2=" ">
    <subfield code="a">Duxanina, A. </subfield>
    <subfield code="e">s&#x259;hif&#x259;l&#x259;m&#x259;.</subfield>
  </datafield>
  <datafield tag="942" ind1=" " ind2=" ">
    <subfield code="c">BOOK</subfield>
  </datafield>
  <datafield tag="999" ind1=" " ind2=" ">
    <subfield code="c">488</subfield>
    <subfield code="d">488</subfield>
  </datafield>
  <datafield tag="952" ind1=" " ind2=" ">
    <subfield code="0">0</subfield>
    <subfield code="1">0</subfield>
    <subfield code="2">lcc</subfield>
    <subfield code="4">0</subfield>
    <subfield code="7">0</subfield>
    <subfield code="8">GC</subfield>
    <subfield code="a">KU</subfield>
    <subfield code="b">BEL</subfield>
    <subfield code="d">2026-05-15</subfield>
    <subfield code="l">0</subfield>
    <subfield code="o">Hc15 .S1872 2015 v.7 c.2</subfield>
    <subfield code="p">0000000774</subfield>
    <subfield code="r">2026-05-15 08:36:01</subfield>
    <subfield code="t">2</subfield>
    <subfield code="w">2026-05-15</subfield>
    <subfield code="y">BOOK</subfield>
  </datafield>
</record>
